TOP 20 Harry Potter Charaktere - Statistiken

Allgemein
  • Dieses Quiz wurde 309 mal gespielt
    208 seit der letzten Aktualisierung
  • Das Durchschnittsergebnis liegt bei 6 aus 20
Answers on the Grid
Answers color-coded by a green-red scale on the quiz's grid according to % correct below.
Hermine Granger
Neville Longbottom
Ron Weasley
Fred Weasley
George Weasley
Ginny Weasley
Arthur Weasley
Remus Lupin
Voldemort
Albus Dumbledore
Severus Snape
Draco Malfoy
Minerva McGonagall
Rubeus Hagrid
Sirius Black
Molly Weasley
Dolores Umbridge
Alastor "Mad-Eye" Moody
Vernon Dursley
Cornelius Fudge
Peter Pettigrew*
Dobby
Dudley Dursley
Horace Slughorn
Percy Weasley
Luna Lovegood
Cedric Diggory
Petunia Dursley
Kreacher
Barty Crouch Sr.
Argus Filch
Viktor Krum
Sybill Trelawney
Fleur Delacour
Lucius Malfoy
Nymphadora Tonks
Bellatrix Lestrange
Dean Thomas
Hedwig
Filius Flitwick
 
Antwortstatistiken
Antwort % Korrekt
Albus Dumbledore
52%
Ron Weasley
52%
Hermine Granger
51%
Rubeus Hagrid
49%
Minerva McGonagall
45%
Sirius Black
45%
Ginny Weasley
41%
Voldemort
41%
Draco Malfoy
40%
Severus Snape
40%
Neville Longbottom
32%
Remus Lupin
29%
Fred Weasley
28%
George Weasley
27%
Arthur Weasley
26%
Molly Weasley
21%
Dolores Umbridge
12%
Alastor "Mad-Eye" Moody
5%
Cornelius Fudge
4%
Vernon Dursley
4%
Keine übereinstimmenden Quizze gefunden
Verteilung der Resultate
Anzahl Personen mit jedem Resultat
Perzentil nach korrekt beantworteten Fragen
Ihre Resultats-Entwicklung
Sie haben dieses Quiz seit der letzten Aktualisierung nicht gespielt